| 000 | 01472nab a22002417a 4500 | ||
|---|---|---|---|
| 999 |
_c5563 _d5563 |
||
| 003 | OSt | ||
| 005 | 20251218094419.0 | ||
| 008 | 190429b xxu||||| |||| 00| 0 spa d | ||
| 040 | _cPJ | ||
| 100 |
_96541 _aSaldaño, Darío |
||
| 245 | 1 | 0 |
_aInterfaces neuronales, inteligencia artificial, tecnologías disruptivas y teoría del delito. Los problemas de los delitos de omisión / _cDarío Saldaño. |
| 260 |
_cCiudad Autónoma de Buenos Aires : _aThomson Reuters La Ley, _b2025. |
||
| 300 | _ap. 171-193 | ||
| 500 | _aCita: TR LALEY AR/DOC/404/2025. | ||
| 505 | _aSumario: I. Introducción.— II. Inteligencia artificial y responsabilidad penal.— III. Redes neuronales.— IV. Interfaces neuronales.— V. Acción y omisión.— VI. Fundamentos de los delitos de omisión.— VII. Introducción a los delitos de omisión impropia.— VIII. Cuestiones relevantes de los delitos de omisión.— IX. Definiciones en la doctrina.— X. Algunas cuestiones problemáticas en delitos de omisión y tecnología.— XI. Conclusiones. | ||
| 505 | _tSi te interesa el texto completo, solicitalo a koha@justierradelfuego.gov.ar | ||
| 650 | 0 |
_9343 _aDERECHO PENAL |
|
| 650 | 0 |
_96081 _aCIENCIA Y TECNOLOGÍA |
|
| 650 | 0 |
_92217 _aDELITO DE OMISIÓN |
|
| 650 | 0 |
_95817 _aINTELIGENCIA ARTIFICIAL |
|
| 773 | 0 |
_02658 _93164 _tRevista de derecho penal y criminología. Nº 3 - Abril 2025 _dCiudad Autónoma de Buenos Aires : Thomson Reuters La Ley, 2017- _x00347914 |
|
| 942 |
_2udc _cANA |
||